Library of the University of Algiers 3
Ibrahim Sultan Cheibout
شعار جامعة الجزائر 3
مكتبة جامعة الجزائر 3
إبراهيم سلطان شيبوط

المالية الدولية / (رقم التسجيلة. 42198)

تفاصيل مارك
000 -LEADER
fixed length control field 01187nam a2200229Ia 4500
003 - CONTROL NUMBER IDENTIFIER
control field Ost
005 - DATE AND TIME OF LATEST TRANSACTION
control field 20260507075015.0
008 - FIXED-LENGTH DATA ELEMENTS--GENERAL INFORMATION
fixed length control field 260507s9999||||xx |||||||||||||| ||und||
040 ## - CATALOGING SOURCE
Transcribing agency fsecg
041 ## - LANGUAGE CODE
Language code of text/sound track or separate title ara
082 ## - DEWEY DECIMAL CLASSIFICATION NUMBER
Classification number 382.17
100 ## - MAIN ENTRY--PERSONAL NAME
Personal name مطر، موسى سعيد
Relator term مؤلف
245 #0 - TITLE STATEMENT
Title المالية الدولية /
Statement of responsibility, etc. موسى سعيد مطر
260 ## - PUBLICATION, DISTRIBUTION, ETC.
Place of publication, distribution, etc. عمان:
Name of publisher, distributor, etc. دار صفاء,
Date of publication, distribution, etc. 2003
300 ## - PHYSICAL DESCRIPTION
Extent 191 صفحة؛
Other physical details إيضاحات ؛
Dimensions 24 سم
520 ## - SUMMARY, ETC.
Summary, etc. ميزان المدفوعات-العملات الأجنبية-سعر الصرف الأجنبية-تسمية أسعار العملات الأجنبية-أسعار العملات الأجنبية-أوضاع المتعاملين-عمليات التعامل الآجل-تحليل الخيارات-عمليات التبديل أو المقايضة-مراقبة عمليات التعامل-المؤسسات المالية الدولية-الشركات المتعددة الجنسيات
653 ## - INDEX TERM--UNCONTROLLED
Uncontrolled term الشركات الدولية
653 ## - INDEX TERM--UNCONTROLLED
Uncontrolled term المالية الدولية
653 ## - INDEX TERM--UNCONTROLLED
Uncontrolled term ميزان المدفوعات
700 ## - ADDED ENTRY--PERSONAL NAME
Personal name شقيري، نوري موسى
Relator term مؤلف ثانوي
942 ## - ADDED ENTRY ELEMENTS (KOHA)
Koha item type كتب
المقتنيات
Withdrawn status Lost status Source of classification or shelving scheme Damaged status Not for loan Home library Current library Date acquired Serial enumeration / chronology Inventory number Total checkouts Full call number Barcode Date last seen Price effective from Koha item type
    Dewey Decimal Classification   Available مكتبة كلية العلوم الإقتصادية والعلوم التجارية وعلوم التسيير مكتبة كلية العلوم الإقتصادية والعلوم التجارية وعلوم التسيير 07/05/2026 الطابق الأرضي 14977   أ/41ن1 14977 07/05/2026 07/05/2026 كتب
    Dewey Decimal Classification   Available مكتبة كلية العلوم الإقتصادية والعلوم التجارية وعلوم التسيير مكتبة كلية العلوم الإقتصادية والعلوم التجارية وعلوم التسيير 07/05/2026 الطابق الأرضي 15008   أ/41ن2 15008 07/05/2026 07/05/2026 كتب
    Dewey Decimal Classification   Available مكتبة كلية العلوم الإقتصادية والعلوم التجارية وعلوم التسيير مكتبة كلية العلوم الإقتصادية والعلوم التجارية وعلوم التسيير 07/05/2026 الطابق الأرضي 15036   أ/41ن3 15036 07/05/2026 07/05/2026 كتب
    Dewey Decimal Classification   Available مكتبة كلية العلوم الإقتصادية والعلوم التجارية وعلوم التسيير مكتبة كلية العلوم الإقتصادية والعلوم التجارية وعلوم التسيير 07/05/2026 الطابق الثاني 15067   أ/41ن4 15067 07/05/2026 07/05/2026 كتب

موارد الويب المفتوحة


© University of Algiers 3 All Rights Reserved
|
Implemented by LECHELAH Riad